| 000 | 00637nam a2200205Ia 4500 | ||
|---|---|---|---|
| 005 | 20240515104813.0 | ||
| 008 | 131103s9999 xx 000 0 und d | ||
| 020 | _a195022106 | ||
| 040 | _aLoreto College | ||
| 041 | _aEnglish | ||
| 082 |
_a428.29 _bRIV |
||
| 100 | _aRivers,Wilga M. | ||
| 245 | 2 |
_aA practical guide to the teaching of english _b as a second or foreign language _cWilga M.Rivers and Mary S.Temperley |
|
| 260 |
_aNew York _bOxford Unicersity Press _c1978 |
||
| 300 | _axvi,399 p. | ||
| 504 | _aIncludes index and bibliographical references | ||
| 700 | _aTemperley,Mary S.;auth. | ||
| 850 | _aLCBED | ||
| 942 | _cBK | ||
| 999 |
_c7084 _d57563 |
||